Statistics for NFL Teams All-Time Passing Yard Leaders

Click here to take the quiz!

General Stats

  • This quiz has been taken 93 times
  • The average score is 22 of 32

Answer Stats

HintAnswer% Correct
PatriotsTom Brady
100%
SaintsDrew Brees
99%
ColtsPeyton Manning
99%
SteelersBen Roethlisberger
98%
PackersBrett Favre
96%
GiantsEli Manning
96%
SeahawksRussell Wilson
96%
FalconsMatt Ryan
95%
DolphinsDan Marino
94%
ChargersPhillip Rivers
93%
49ersJoe Montana
91%
LionsMatthew Stafford
90%
RavensJoe Flacco
89%
BroncosJohn Elway
88%
PanthersCam Newton
74%
CowboysTony Romo
74%
BillsJim Kelly
70%
RaidersDerek Carr
67%
TitansWarren Moon
67%
JetsJoe Namath
65%
EaglesDonovan McNabb
62%
BearsJay Cutler
58%
VikingsFran Tarkenton
47%
BuccaneersJameis Winston
47%
TexansMatt Schaub
42%
CommandersJoe Theismann
38%
ChiefsLen Dawson
38%
BengalsKen Anderson
32%
JaguarsMark Brunell
28%
CardinalsJim Hart
20%
BrownsBrian Sipe
19%
RamsJim Everett
17%

Score Distribution

Percentile by Number Answered

Percent of People with Each Score

Your Score History

You have not taken this quiz